000
00278nam a2200133Ia 4500
008
240624s9999 xx 000 0 und d
041
_a
eng
082
_a
516 ANT
100
_a
ANTON HOWARD
245
_a
CALCULUS
250
_a
(10th ed.)
260
_b
Wiley
365
_c
RS
_b
33
999
_c
26475
_d
26475